| 000 | 00383 a2200157 4500 | ||
|---|---|---|---|
| 020 | _a9780141185132 | ||
| 082 | _a 843.914 | ||
| 090 |
_c7089 _d7089 |
||
| 100 | _a Camus, Albert | ||
| 245 |
_a The plague _cAlbert Camus |
||
| 260 |
_aNew York _bPenguin Group _c2001 |
||
| 300 | _a238 p. | ||
| 650 | _aPlague--French fiction | ||
| 700 | _aAlbert Camus | ||
| 942 |
_cBK _k843.914 CAM |
||
| 999 |
_c10894 _d10894 |
||